| 000 | 01151nam a2200301 i 4500 | ||
|---|---|---|---|
| 001 | bg | ||
| 100 | 1 | _aKsiążyński, Krzysztof W. | |
| 245 | 1 | 0 |
_aTłokowy model filtracji w strefie niepełnego nasycenia / _cKrzysztof Wojciech Książyński. |
| 260 |
_aKraków : _bWydawnictwo PK, _c2007. |
||
| 300 |
_a188 s. : _bil. (w tym kolor.) ; _c24 cm. |
||
| 490 | 1 | _aMonografia / Politechnika Krakowska im. Tadeusza Kościuszki. Inżynieria Środowiska | |
| 500 | _aISSN i nr serii gł.: 0860-097X ; 353. | ||
| 504 | _aBibliogr. s. 175-182. | ||
| 546 | _aStreszcz. ang., ros. | ||
| 650 | 9 |
_aFiltracja _xmodele matematyczne |
|
| 650 | 9 |
_aGleba _xhydrologia _xmodele matematyczne |
|
| 650 | 9 |
_aPrzepływ _xhydrologia _xmodele matematyczne |
|
| 650 | 9 | _aWody podziemne | |
| 830 | 0 |
_aMonografia - Politechnika Krakowska im. Tadeusza Kościuszki. _pInżynieria Środowiska |
|
| 830 | 0 |
_aMonografia - Politechnika Krakowska im. Tadeusza Kościuszki _v353 |
|
| 015 | _aPB 18774/2008 | ||
| 040 | _cBPK | ||
| 041 | 0 |
_apol _beng _brus |
|
| 044 | _aPOL | ||
| 080 | _a556.3:532:631.432:519.86 | ||
| 942 | _cKS | ||
| 008 | 080616s2007 pl a f |000 0 pol | ||
| 999 |
_c56170 _d56170 |
||
| 856 |
_uhttp://koha.tu.koszalin.pl/cgi-bin/koha/opac-detail.pl?biblionumber=56170 _yKatalog online BPK |
||